| 000 | 00386 a2200133 4500 | ||
|---|---|---|---|
| 020 | _a9788478449484/8478449485 | ||
| 082 |
_a891.991.4 _bK11e |
||
| 100 |
_aKadare, Ismail _91321 |
||
| 245 |
_aEsquilo _bEl gran pensador |
||
| 260 |
_aMadrid _bEdiciones Siruela _c2006 |
||
| 300 |
_a266 p _bcol _c15 cm |
||
| 650 |
_aliteratura albanesa _xEnsayos, conferencias _91322 |
||
| 700 |
_aIsmail Kadare _91323 |
||
| 999 |
_c286 _d286 |
||